| 000 | 01274nam a22003134a 4500 | ||
|---|---|---|---|
| 001 | ebr10014724 | ||
| 003 | CaPaEBR | ||
| 006 | m u | ||
| 007 | cr cn||||||||| | ||
| 008 | 990513s1999 ne sb 001 0 eng | ||
| 010 | _z 99031515 | ||
| 020 | _z1556199422 (alk. paper) | ||
| 040 |
_aCaPaEBR _cCaPaEBR |
||
| 035 | _a(OCoLC)70769293 | ||
| 050 | 1 | 4 |
_aP95.45 _b.S89 1999eb |
| 082 | 0 | 4 |
_a306.44 _221 |
| 100 | 1 | _aSvennevig, Jan. | |
| 245 | 1 | 0 |
_aGetting acquainted in conversation _h[electronic resource] : _ba study of initial interactions / _cJan Svennevig. |
| 260 |
_aAmsterdam ; _aPhiladelphia : _bJ. Benjamins Pub. Co., _cc1999. |
||
| 300 | _ax, 383 p. | ||
| 490 | 1 |
_aPragmatics & beyond, _x0922-842X ; _vnew ser. 64 |
|
| 504 | _aIncludes bibliographical references (p. [363]-376) and indexes. | ||
| 533 |
_aElectronic reproduction. _bPalo Alto, Calif. : _cebrary, _d2013. _nAvailable via World Wide Web. _nAccess may be limited to ebrary affiliated libraries. |
||
| 650 | 0 | _aConversation analysis. | |
| 655 | 7 |
_aElectronic books. _2local |
|
| 710 | 2 | _aebrary, Inc. | |
| 830 | 0 |
_aPragmatics & beyond ; _vnew ser. 64. |
|
| 856 | 4 | 0 |
_uhttp://site.ebrary.com/lib/rucke/Doc?id=10014724 _zAn electronic book accessible through the World Wide Web; click to view |
| 999 |
_c11145 _d11145 |
||